000 00621nam a2200229Ia 4500
003 OSt
005 20220928104842.0
006 a|||||r|||| 00| 0
007 ta
008 220927b |||||||| |||| 00| 0 eng d
024 _a49602
037 _cTextual
040 _aSDCL
_cSDCL
_beng
041 _2eng
_aeng
082 _aO152,2M5:g(P), N5
100 _aChouhan Jas Pali
_9412473
245 0 _aBhartendu yug ka shabad bhandar.
260 _aNew Delhi
_bSarthak Prakashan
_c1995
300 _a311p
_ccm.
942 _hO152,2M5:g(P), N5
_cTEXL
_2CC
999 _c728195
_d728195